01776nam a2200457 i 450000100060000000300080000600500170001400600190003100700150005000800410006502000270010603500230013303500240015603500250018003500220020504000310022705000210025808000160027908000080029508200190030324501290032226400710045130000470052233600310056933700330060033800430063350000230067650400290069958801290072859001630085765000260102065000290104665000210107565000260109665500270112270000420114970000290119179700190122085600620123999900170130146911FlNmELB20241216231824.0m o d | cr cnu||||||||170908s2011 sp ob 001 0 spa d a9781512943115 (e-book) a(MiAaPQ)EBC4909010 a(Au-PeEL)EBL4909010 a(CaPaEBR)ebr11410541 a(OCoLC)1105474888 aFINmELBbspaerdacFINmELB 4aSF769bP312 2011 a636.4:616.3 a6190 a636.08960722300aPatologías digestivas porcinas en imágenes /cGuillermo Ramis Vidal (coordinador) ; Librasco Carrasco Otero [y otros 4]. 1aZaragoza :bServet editorial - Grupo Asís Biomedia S.L.,c[2011] a1 recurso en línea (xvii, 226 páginas) atextobtxt2rdacontent/spa acomputadorabc2rdamedia/spa arecurso en líneabcr2rdacarrier/spa aContiene índice. aContiene bibliografía. aDescripción basada en recurso en línea; Título de la página del título en PDF (e-libro, visto September 08, 2017). aRecurso electrónico. Santa Fe, Arg. : e-libro, 2017. Disponible vía World Wide Web. El acceso puede ser limitado para las bibliotecas afiliadas a e-Libro. 0aVeterinary pathology. 4aPatología veterinaria. 0aSwinexDiseases. 4aCerdosxEnfermedades. 4aLibros electrónicos.1 aRamis Vidal, Guillermo,ecoordinador.1 aCarrasco Otero, Librado.2 ae-libro, Corp.40uhttps://elibro.net/ereader/politecnicointernacional/59405 c46911d46911